Retos para la conservación de la biodiversidad amazónica colombiana ante el cambio global (Registro nro. 16419)

Detalles MARC
000 -CABECERA
Campo de control 006550000a22001930004500
090 ## - CLASIFICACIÓN LOCAL
Colección SERIADAS
044 ## - PAÍS DE PUBLICACIÓN
País de publicación
041 0# - IDIOMA
Código de idioma para texto/pista de sonido o título separado
100 1# - ASIENTO PRINCIPAL--NOMBRE PERSONAL
Nombre personal Mendoza S., Javier Eduardo
245 10 - MENCION DE TITULO
Título Retos para la conservación de la biodiversidad amazónica colombiana ante el cambio global
700 1# - ASIENTO SECUNDARIO - NOMBRE PERSONAL
Nombre personal Ortiz P., Néstor
700 1# - ASIENTO SECUNDARIO - NOMBRE PERSONAL
Nombre personal Pardo, María del Pilar
773 1# - Item fuente:
Título Revista colombia amazónica
Descripción física 1
Paginas del Articulo 17-31
Lugar, editorial y fecha de publicación 2008
942 ## - ELEMENTOS ADICIONALES (KOHA)
Tipo de ítem Artículo

No hay ítems disponibles.